[Event "Banja Vrucica"]
[Site "Banja Vrucica"]
[Date "1987.??.??"]
[Round "7"]
[White "Illijin, Neboisa"]
[Black "Mitric, Brano"]
[Result "1/2-1/2"]
[WhiteElo "2270"]
[BlackElo "2200"]
[PlyCount "28"]
[EventDate "1987.??.??"]
[EventType "tourn"]
[EventRounds "11"]
[EventCountry "YUG"]
[EventCategory "4"]
[SourceTitle "EXT 1997"]
[Source "ChessBase"]
[SourceDate "1996.11.15"]
[SourceVersion "1"]
[SourceVersionDate "1996.11.15"]
[SourceQuality "1"]

1. e4 c5 2. Nf3 d6 3. d4 cxd4 4. Nxd4 e6 5. Nc3 a6 6. Bd3 Nf6 7. Be3 b5 8. f4 Qc7 9. Qf3 Bb7 10. g4 b4 11. Nce2 Nc6 12. g5 Nd7 13. Qh3 Nc5 14. Qg2 Rc8 1/2-1/2

[Event "Banja Vrucica"]
[Site "Banja Vrucica"]
[Date "1987.??.??"]
[Round "10"]
[White "Mitric, Brano"]
[Black "Filipovic, Branko"]
[Result "0-1"]
[WhiteElo "2200"]
[BlackElo "2420"]
[PlyCount "80"]
[EventDate "1987.??.??"]
[EventType "tourn"]
[EventRounds "11"]
[EventCountry "YUG"]
[EventCategory "4"]
[SourceTitle "EXT 1997"]
[Source "ChessBase"]
[SourceDate "1996.11.15"]
[SourceVersion "1"]
[SourceVersionDate "1996.11.15"]
[SourceQuality "1"]

1. d4 Nf6 2. c4 g6 3. Nc3 d5 4. Nf3 Bg7 5. Bf4 c5 6. dxc5 Qa5 7. Bd2 Qxc5 8. cxd5 Nxd5 9. Rc1 0-0 10. e4 Nxc3 11. Bxc3 Bxc3+ 12. Rxc3 Qa5 13. Bc4 Nc6 14. 0-0 Bg4 15. Qd5 Rac8 16. h3 Bxf3 17. Rxf3 e6 18. Qxa5 Nxa5 19. Bd3 Rfd8 20. Re1 Nc6 21. Rfe3 Nb4 22. Bb1 b6 23. R3e2 e5 24. a3 Nc6 25. Rc2 Nd4 26. Rxc8 Rxc8 27. Bd3 b5 28. f3 Kf8 29. Kf2 Ke7 30. Ke3 Kd6 31. g3 Rc2 32. Rb1 Rg2 33. g4 Rg3 34. Rf1 Rxh3 35. b4 Rh2 36. Rc1 Ra2 37. Rc3 f6 38. f4 g5 39. fxe5+ fxe5 40. Rc1 Rxa3 0-1

[Event "Banja Vrucica"]
[Site "Banja Vrucica"]
[Date "1987.??.??"]
[Round "1"]
[White "Mitric, Brano"]
[Black "Milovanovic, Rade"]
[Result "0-1"]
[WhiteElo "2200"]
[BlackElo "2430"]
[PlyCount "54"]
[EventDate "1987.??.??"]
[EventType "tourn"]
[EventRounds "11"]
[EventCountry "YUG"]
[EventCategory "4"]
[SourceTitle "EXT 1997"]
[Source "ChessBase"]
[SourceDate "1996.11.15"]
[SourceVersion "1"]
[SourceVersionDate "1996.11.15"]
[SourceQuality "1"]

1. e4 c5 2. Nf3 d6 3. d4 cxd4 4. Nxd4 Nf6 5. Nc3 e6 6. Bc4 Be7 7. Bb3 0-0 8. Qf3 Nbd7 9. h3 a6 10. Be3 Qc7 11. g4 Nc5 12. g5 Nfd7 13. h4 b5 14. 0-0-0 Ne5 15. Qg2 b4 16. Nce2 Bb7 17. Ng3 a5 18. f4 a4 19. fxe5 axb3 20. exd6 bxa2 21. dxc7 a1Q+ 22. Kd2 Qxb2 23. Ke2 Bd6 24. Rd2 Bxg3 25. c4 Qc3 26. Qxg3 Qxc4+ 27. Ke1 Nxe4 0-1

[Event "Banja Vrucica"]
[Site "Banja Vrucica"]
[Date "1987.??.??"]
[Round "3"]
[White "Mitric, Brano"]
[Black "Palos, Osman"]
[Result "1-0"]
[WhiteElo "2200"]
[BlackElo "2440"]
[PlyCount "147"]
[EventDate "1987.??.??"]
[EventType "tourn"]
[EventRounds "11"]
[EventCountry "YUG"]
[EventCategory "4"]
[SourceTitle "EXT 1997"]
[Source "ChessBase"]
[SourceDate "1996.11.15"]
[SourceVersion "1"]
[SourceVersionDate "1996.11.15"]
[SourceQuality "1"]

1. d4 Nf6 2. c4 e6 3. Nf3 c5 4. e3 b6 5. Be2 Bb7 6. 0-0 a6 7. Nc3 cxd4 8. exd4 d5 9. Ne5 dxc4 10. Bf3 Ra7 11. Qa4+ Nfd7 12. Bxb7 Rxb7 13. Qxc4 Be7 14. Bf4 0-0 15. Rad1 b5 16. Qe2 b4 17. Ne4 Qa5 18. Nc4 Qd5 19. b3 Rd8 20. Bd6 Nf8 21. Bxe7 Rxe7 22. Rd2 Ng6 23. Qe3 Nc6 24. Rfd1 Rb8 25. f4 Ra7 26. Ng5 h6 27. Nf3 Nce7 28. Nfe5 a5 29. g3 a4 30. Qd3 axb3 31. axb3 Rd8 32. Qe2 Nf8 33. Kf2 Qb7 34. Qf3 Nd5 35. Re1 Nh7 36. h4 Nhf6 37. g4 Ne7 38. Qxb7 Rxb7 39. Kf3 g6 40. Ra1 h5 41. Rg1 Kg7 42. Ne3 hxg4+ 43. N5xg4 Rh8 44. Nxf6 Kxf6 45. Rh1 Rh5 46. Rc2 Ra5 47. Rhc1 Ra3 48. Rb2 Ra8 49. Rh2 Rh8 50. Rc5 Rd8 51. Rc4 Rb5 52. Ra2 Rh8 53. Ng4+ Kg7 54. Ra7 Nd5 55. Ne5 Rf8 56. Rc1 Rbb8 57. Rg1 Rbc8 58. Rxg6+ Kh7 59. Rxe6 Rc3+ 60. Ke4 Nc7 61. Re7 Nb5 62. Rad7 Kg8 63. Kd5 Re3 64. f5 Nc3+ 65. Kc6 Ne2 66. f6 Re4 67. Nxf7 Nxd4+ 68. Kd5 Rxh4 69. Ne5 Rxf6 70. Re8+ Rf8 71. Rxf8+ Kxf8 72. Ng6+ Ke8 73. Re7+ Kd8 74. Nxh4 1-0

[Event "Banja Vrucica"]
[Site "Banja Vrucica"]
[Date "1987.??.??"]
[Round "4"]
[White "Sarwinski, Miroslaw"]
[Black "Mitric, Brano"]
[Result "1/2-1/2"]
[WhiteElo "2345"]
[BlackElo "2200"]
[PlyCount "20"]
[EventDate "1987.??.??"]
[EventType "tourn"]
[EventRounds "11"]
[EventCountry "YUG"]
[EventCategory "4"]
[SourceTitle "EXT 1997"]
[Source "ChessBase"]
[SourceDate "1996.11.15"]
[SourceVersion "1"]
[SourceVersionDate "1996.11.15"]
[SourceQuality "1"]

1. d4 d5 2. c4 e6 3. Nc3 Nf6 4. cxd5 exd5 5. Bg5 Be7 6. e3 0-0 7. Bd3 Be6 8. Qc2 h6 9. h4 c5 10. Nf3 Nc6 1/2-1/2